Caribbean Islands Map Quiz - Statistics

General Stats
  • This quiz has been taken 3,507 times
  • The average score is 14 of 36
Answers on the Map
Answers color-coded by a green-red scale on the quiz's map according to % correct below.
 
Answer Stats
Answer % Correct
Cuba
90%
Jamaica
83%
Hispaniola
75%
Puerto Rico
74%
Tobago
68%
Trinidad
68%
Barbados
59%
Aruba
49%
Bonaire
45%
Grenada
43%
Curaçao
42%
Saint Lucia
40%
Antigua
39%
Dominica
39%
Saint Vincent
39%
Grand Cayman
36%
Martinique
36%
Grand Bahama Island
35%
Saint Kitts
34%
Nevis
32%
Barbuda
29%
Anguilla
27%
Isla Margarita
27%
Saint Martin
27%
Isla de la Juventud
26%
Montserrat
26%
Grande-Terre
22%
Saint Croix
22%
South Andros Island
21%
Great Abaco Island
20%
Gonâve
19%
North Andros Island
19%
New Providence
18%
Basse-Terre
17%
Great Inagua Island
14%
Providenciales
12%
No matching quizzes found
Score Distribution
Percent of People with Each Score
Percentile by Number Answered
Your Score History
You have not taken this quiz